| 000 | 00675nam a2200217 a 4500 | ||
|---|---|---|---|
| 005 | 20260218144146.0 | ||
| 008 | 031002s2000 mx r 000 0 spa d | ||
| 020 | _a9501231976 | ||
| 035 | _aUPN01000129452 | ||
| 049 | _aCG | ||
| 050 | 4 |
_aRC540 _bC8.4 |
|
| 245 | 0 | 0 |
_aCultura y alexitimia : _b¿cómo expresamos aquello que sentimos? / _cRoberta Bacic ... [et al.] ; comp. Darío Páez. |
| 260 |
_aBuenos Aires : _bPaidós, _c2000. |
||
| 300 | _a223 p. | ||
| 440 | 0 |
_aPsicología, psiquiatría y psicoterapia ; _v197 |
|
| 650 | 2 |
_aAlexitimia _91830 |
|
| 650 | 4 |
_aEmociones _939 |
|
| 700 | 1 |
_aBacic, Roberta, _ecoaut. |
|
| 700 | 1 |
_aPáez, Darío, _ecomp. |
|
| 905 | _aLibro | ||
| 999 |
_c101624 _d101624 |
||